00556 2200205 4500001002100000005001500021035002000036245007900056100002700135250000600162300002100168260002900189082001400218084002000232020001800252008004100270650002000311990000800331990001100339INLIS00000000000028720240917024915 a0010-03190001041 aSeri Petualangan Sherlock Holmes :bRumah Kosong /cSir Arthur Conan Doyle0 aSir Arthur Conan Doyle a1 a107 hlm ;c18 cm aJakarta :bNarasi,c2007 a899.221'3 a899.221'3 SIR s a979-168-001-9240917 0  4aFiksi Indonesia a682 a002643